Wszyscy piłkarze Barcelony, którzy rozegrali jakiś mecz w 2025 roku - Statystyki

Ogólne statystyki
  • Ten quiz został rozwiązany 269 razy
  • Średni wynik to 18 z 25
Statystyki odpowiedzi
Pozycja Zawodnik % Poprawnych
Bramkarz Wojciech Szczęsny
97%
Napastnik Robert Lewandowski
96%
Napastnik Lamine Yamal
94%
Pomocnik Pedri
92%
Pomocnik Gavi
87%
Bramkarz Iñaki Peña
85%
Obrońca Alejandro Balde
81%
Napastnik Ferran Torres
81%
Obrońca Pau Cubarsi
81%
Obrońca Gerard Martín
80%
Obrońca Jules Koundé
79%
Napastnik Raphinha
78%
Obrońca Ronald Araujo
78%
Pomocnik Frenkie de Jong
75%
Pomocnik Pablo Torre
74%
Obrońca Iñigo Martínez
73%
Pomocnik Dani Olmo
65%
Obrońca Eric García
64%
Pomocnik Fermin López
61%
Pomocnik Marc Casadó
58%
Napastnik Ansu Fati
51%
Obrońca Héctor Fort
51%
Napastnik Pau Víctor
48%
Napastnik Toni Fernández
16%
Obrońca Sergi Domínguez
13%
Nie znaleziono quizów pasujących do podanych kryteriów
Rozkład punktacji
Procent ludzi z każdym wynikiem
Percentyl według liczby udzielonych odpowiedzi
Twoja historia wyników
Nie rozwiązałeś tego quizu